[Event "2.BLS 0203 SCA St Ingbert - Pang Rosenh"]
[Site "?"]
[Date "2002.10.20"]
[Round "1.1"]
[White "Wach, Markus"]
[Black "Marcelin, Cyril"]
[Result "0-1"]
[WhiteElo "2388"]
[BlackElo "2470"]
[PlyCount "102"]
[EventDate "2002.??.??"]

1. e4 e5 2. Nf3 Nc6 3. Bb5 Nf6 4. d4 Nxe4 5. dxe5 Be7 6. O-O O-O 7. Re1 d5 8.
exd6 Nxd6 9. Bxc6 bxc6 10. Ne5 Bb7 11. Nd2 Nf5 12. Ndf3 c5 13. Be3 Qxd1 14.
Raxd1 Rfd8 15. Nd2 Rd5 16. Ndc4 Nxe3 17. fxe3 Rad8 18. Rxd5 Rxd5 19. Re2 Rd1+
20. Kf2 Be4 21. Nf3 Kf8 22. Ne1 Ra1 23. Rd2 Rxa2 24. Rd7 Bd6 25. Nxd6 cxd6 26.
Rxd6 Rxb2 27. Rd7 a5 28. Ra7 Bxc2 29. Rxa5 Be4+ 30. Kg3 Rb1 31. Nf3 Bxf3 32.
gxf3 Rc1 33. Ra7 g6 34. e4 c4 35. Rc7 c3 36. Kf4 h6 37. h4 c2 38. Rc3 Ke7 39.
Ke3 Kf6 40. Rc6+ Ke7 41. Rc3 Kf6 42. Rc6+ Kg7 43. Rc3 h5 44. Kd2 Rh1 45. Rxc2
Rh2+ 46. Kd3 Rxc2 47. Kxc2 g5 48. Kd3 gxh4 49. Ke3 Kf6 50. f4 Ke6 51. Kf3 Kd6
0-1

[Event "2.BLS 0203 SCA St Ingbert - Pang Rosenh"]
[Site "?"]
[Date "2002.10.20"]
[Round "1.2"]
[White "Bricard, Emmanuel"]
[Black "Blaskowski, Johannes"]
[Result "1-0"]
[WhiteElo "2454"]
[BlackElo "2310"]
[PlyCount "89"]
[EventDate "2002.??.??"]

1. e4 c5 2. d3 e6 3. g3 d5 4. Nd2 b5 5. Bg2 Bb7 6. Ngf3 Nf6 7. O-O dxe4 8. dxe4
Nbd7 9. Qe2 a6 10. b3 e5 11. Rd1 Qc7 12. c4 Be7 13. Nh4 g6 14. Nf1 O-O 15. Qc2
Nb8 16. Bh6 Re8 17. Ne3 Nc6 18. Nd5 Nxd5 19. cxd5 Nd4 20. Qd2 Bc8 21. Rf1 Bg4
22. f3 Bh5 23. Bg5 f6 24. Be3 g5 25. Bxd4 exd4 26. Nf5 Bf8 27. Rac1 Qa7 28. Qd3
Bg6 29. Bh3 h5 30. Rc2 Kf7 31. Rfc1 Bxf5 32. Bxf5 Bd6 33. Kh1 Rh8 34. h4 Qe7
35. Rg1 Ra7 36. f4 Kg7 37. hxg5 fxg5 38. e5 Bc7 39. Be6 Bb6 40. f5 Kf8 41. f6
Qc7 42. Re1 Ba5 43. Ree2 Ra8 44. Qe4 Qb7 45. Rxc5 1-0

[Event "2.BLS 0203 SCA St Ingbert - Pang Rosenh"]
[Site "?"]
[Date "2002.10.20"]
[Round "1.3"]
[White "Vogel, Robert"]
[Black "Lazarev, Vladimir"]
[Result "0-1"]
[WhiteElo "2310"]
[BlackElo "2477"]
[PlyCount "58"]
[EventDate "2002.??.??"]

1. d4 d5 2. e4 dxe4 3. Nc3 Nf6 4. f3 exf3 5. Nxf3 Bg4 6. h3 Bxf3 7. Qxf3 c6 8.
Be3 e6 9. Bd3 Be7 10. O-O O-O 11. Rf2 Nbd7 12. Raf1 Ne8 13. Ne4 g6 14. Bh6 Ng7
15. g4 f5 16. Ng3 Bg5 17. Bxg7 Kxg7 18. Re2 Nf6 19. c3 fxg4 20. hxg4 Qd6 21.
Re5 Nd7 22. Rxg5 Rxf3 23. Rxf3 Qe7 24. Ra5 Rf8 25. Re3 Qf6 26. Nf1 Qf2+ 27. Kh1
Qh4+ 28. Kg1 Qxg4+ 29. Kh1 Rf2 0-1

[Event "2.BLS 0203 SCA St Ingbert - Pang Rosenh"]
[Site "?"]
[Date "2002.10.20"]
[Round "1.4"]
[White "Pirrot, Dieter"]
[Black "Duer, Werner"]
[Result "1-0"]
[WhiteElo "2421"]
[BlackElo "2285"]
[PlyCount "65"]
[EventDate "2002.??.??"]

1. e4 c6 2. d4 d5 3. e5 Bf5 4. Nc3 a6 5. Nge2 e6 6. Ng3 Bg6 7. h4 h5 8. Be3 c5
9. dxc5 Nd7 10. b4 Qc7 11. f4 Nxe5 12. Nb5 axb5 13. fxe5 Qxe5 14. Bxb5+ Kd8 15.
Nf1 Ra3 16. Kf2 Nf6 17. Bd4 Qf4+ 18. Kg1 Ng4 19. Rh3 Rxh3 20. gxh3 e5 21. Qd2
Qxd4+ 22. Qxd4 exd4 23. hxg4 hxg4 24. a4 Bxc2 25. a5 Rh6 26. c6 Kc7 27. a6 bxa6
28. Rxa6 Bxb4 29. Ra7+ Kb6 30. Rb7+ Ka5 31. c7 Bf5 32. Be8 Re6 33. c8=Q 1-0

[Event "2.BLS 0203 SCA St Ingbert - Pang Rosenh"]
[Site "?"]
[Date "2002.10.20"]
[Round "1.5"]
[White "Geisler, Fabian"]
[Black "Becking, Stephan"]
[Result "0-1"]
[WhiteElo "2273"]
[BlackElo "2315"]
[PlyCount "80"]
[EventDate "2002.??.??"]

1. e4 e5 2. Nf3 Nc6 3. Bb5 a6 4. Ba4 Nf6 5. O-O Be7 6. Bxc6 dxc6 7. Qe1 Nd7 8.
b3 c5 9. Bb2 Bd6 10. d3 Qe7 11. Nc3 Nf6 12. Nd2 O-O 13. a4 Bd7 14. Nc4 b5 15.
Ne3 c6 16. Qe2 Be6 17. Nb1 Bc7 18. Nd2 g6 19. Kh1 Nh5 20. g3 Bh3 21. Rg1 Bd7
22. Ng2 f6 23. Qe3 Ng7 24. f4 Ne6 25. fxe5 fxe5 26. Rgf1 Nd4 27. Bxd4 cxd4 28.
Rxf8+ Rxf8 29. Qe2 Qg5 30. Rf1 Rxf1+ 31. Nxf1 bxa4 32. bxa4 c5 33. h4 Qg4 34.
Qd2 Bxa4 35. c3 Qd1 36. Qa2+ Bb3 37. Qxa6 Qxf1+ 38. Kh2 Qf7 39. cxd4 cxd4 40.
Qc8+ Kg7 0-1

[Event "2.BLS 0203 SCA St Ingbert - Pang Rosenh"]
[Site "?"]
[Date "2002.10.20"]
[Round "1.6"]
[White "Drollinger, Dennis"]
[Black "Salvermoser, Bernd"]
[Result "0-1"]
[WhiteElo "2281"]
[BlackElo "2306"]
[PlyCount "68"]
[EventDate "2002.??.??"]

1. e4 c6 2. d4 d5 3. e5 Bf5 4. Nf3 e6 5. Be2 Nd7 6. O-O h6 7. b3 b5 8. c4 bxc4
9. bxc4 dxc4 10. Nfd2 Nb6 11. Nxc4 Nxc4 12. Bxc4 Ne7 13. Nc3 Nd5 14. Qf3 Rb8
15. Bb3 Bb4 16. Bd2 O-O 17. Rac1 Qb6 18. Rfd1 Ba3 19. Na4 Qxd4 20. Bxd5 Bxc1
21. Bxc1 Qxa4 22. Bxc6 Qxa2 23. g4 Bc2 24. Re1 Rb1 25. Qe3 Rc8 26. Bf3 a5 27.
Kg2 a4 28. g5 hxg5 29. Qxg5 Qc4 30. h4 Bf5 31. h5 Rxc1 32. h6 Bg6 33. Re4 Qxe4
34. Bxe4 Bxe4+ 0-1

[Event "2.BLS 0203 SCA St Ingbert - Pang Rosenh"]
[Site "?"]
[Date "2002.10.20"]
[Round "1.7"]
[White "Maurer, Jochen"]
[Black "Gross, Georg"]
[Result "1-0"]
[WhiteElo "2172"]
[BlackElo "2317"]
[PlyCount "70"]
[EventDate "2002.??.??"]

1. e4 Nc6 2. Nf3 f5 3. exf5 d5 4. d4 Bxf5 5. Bb5 e6 6. Ne5 a6 7. Bxc6+ bxc6 8.
Nc3 Bd6 9. Bf4 Ne7 10. g4 Bg6 11. Qe2 O-O 12. Bg3 Qb8 13. O-O-O Qb4 14. a3 Qa5
15. Nxg6 Nxg6 16. Bxd6 cxd6 17. Qxe6+ Kh8 18. Qxd6 Rf6 19. Qc5 Qxc5 20. dxc5
Ne5 21. h3 Rxf2 22. Rhf1 Rf3 23. Rxf3 Nxf3 24. Ne2 h5 25. Nd4 hxg4 26. hxg4 Ne5
27. Re1 Nxg4 28. Nxc6 Rc8 29. Re6 Kg8 30. b4 Kf7 31. Nd4 Nf6 32. Rxa6 g5 33.
Nf5 g4 34. Nd6+ Kg6 35. Nxc8 g3 1-0

[Event "2.BLS 0203 SCA St Ingbert - Pang Rosenh"]
[Site "?"]
[Date "2002.10.20"]
[Round "1.8"]
[White "Mackensy, Thomas"]
[Black "Wimmer, Herbert"]
[Result "1/2-1/2"]
[WhiteElo "2197"]
[BlackElo "2192"]
[PlyCount "30"]
[EventDate "2002.??.??"]

1. g3 d5 2. Nf3 Nf6 3. Bg2 c6 4. b3 g6 5. Bb2 Bg7 6. O-O O-O 7. c4 b5 8. cxb5
cxb5 9. a3 Bb7 10. d3 Nbd7 11. Nbd2 Rc8 12. Rc1 Qb6 13. Rxc8 Rxc8 14. Qb1 a6
15. Rc1 Rxc1+ 1/2-1/2

[Event "2.BLS 0203 SC Eppingen - SK Bebenhausen"]
[Site "?"]
[Date "2002.10.20"]
[Round "1.1"]
[White "Gheng, Josef"]
[Black "Gyimesi, Zoltan"]
[Result "0-1"]
[WhiteElo "2314"]
[BlackElo "2596"]
[PlyCount "70"]
[EventDate "2002.??.??"]

1. e4 e5 2. Nf3 Nc6 3. Bb5 a6 4. Ba4 Nf6 5. O-O Be7 6. Re1 b5 7. Bb3 d6 8. c3
O-O 9. h3 Na5 10. Bc2 c5 11. d4 Qc7 12. Nbd2 Rd8 13. Nf1 cxd4 14. cxd4 exd4 15.
Bg5 h6 16. Bh4 Nc6 17. Rc1 Qb6 18. Bb1 Be6 19. Rxc6 Qxc6 20. Nxd4 Qc5 21. Ne3
Kf8 22. f4 Rac8 23. Bf2 Qb4 24. Nec2 Qc4 25. b3 Qc3 26. Nxe6+ fxe6 27. Nd4 Kf7
28. f5 e5 29. Ne6 Rd7 30. Rf1 d5 31. Be1 Qc1 32. Qd3 Nxe4 33. Ba5 Bh4 34. Bb6
Rc3 35. Qe2 Ng3 0-1

[Event "2.BLS 0203 SC Eppingen - SK Bebenhausen"]
[Site "?"]
[Date "2002.10.20"]
[Round "1.2"]
[White "Medvegy, Zoltan"]
[Black "Gohil, Harry"]
[Result "1-0"]
[WhiteElo "2513"]
[BlackElo "2354"]
[PlyCount "65"]
[EventDate "2002.??.??"]

1. e4 c5 2. Nf3 Nc6 3. Nc3 Nd4 4. Bc4 Nf6 5. O-O d6 6. Nxd4 cxd4 7. Nd5 Nd7 8.
c3 e6 9. Nf4 Qc7 10. d3 dxc3 11. Qb3 Nb6 12. Qxc3 Nxc4 13. dxc4 Bd7 14. a4 Qc5
15. Nd3 Qh5 16. Bf4 Qg6 17. e5 Bc6 18. f3 d5 19. cxd5 exd5 20. Nb4 a5 21. Nxc6
Qxc6 22. Rac1 Qxa4 23. Qe3 Qd7 24. e6 fxe6 25. Rc7 d4 26. Qd3 Qd5 27. Re1 Bd6
28. Bxd6 Qxd6 29. Qb5+ Kd8 30. Rxb7 Re8 31. Rc1 Re7 32. Rb6 Qd7 33. Rb8+ 1-0

[Event "2.BLS 0203 SC Eppingen - SK Bebenhausen"]
[Site "?"]
[Date "2002.10.20"]
[Round "1.3"]
[White "Hoensch, Matthias"]
[Black "Mann, Christian"]
[Result "1/2-1/2"]
[WhiteElo "2312"]
[BlackElo "2445"]
[PlyCount "94"]
[EventDate "2002.??.??"]

1. Nf3 Nf6 2. c4 g6 3. Nc3 Bg7 4. e4 c5 5. d4 cxd4 6. Nxd4 Nc6 7. Be3 O-O 8.
Be2 d6 9. O-O Nxd4 10. Bxd4 a5 11. Qd2 Bd7 12. f4 Be6 13. Bf3 Nd7 14. Bxg7 Kxg7
15. Kh1 a4 16. Nd5 Bxd5 17. Qxd5 Qc7 18. Rfd1 Ra5 19. Qd4+ Nf6 20. b4 axb3 21.
axb3 e5 22. Qc3 Rxa1 23. Qxa1 exf4 24. Qd4 Re8 25. h4 h6 26. Qxd6 Qxd6 27. Rxd6
g5 28. hxg5 hxg5 29. Kg1 g4 30. e5 Rxe5 31. Bxb7 Re1+ 32. Kf2 Rb1 33. Rb6 Nh5
34. Ke2 f3+ 35. Bxf3 gxf3+ 36. gxf3 Nf6 37. b4 Nd7 38. Rb5 Rb3 39. f4 Rc3 40.
Rb7 Nf6 41. Rc7 Ne4 42. Rc6 f6 43. b5 Kg6 44. b6 Kf5 45. Rc7 Kxf4 46. b7 Rb3
47. c5 Nxc5 1/2-1/2

[Event "2.BLS 0203 SC Eppingen - SK Bebenhausen"]
[Site "?"]
[Date "2002.10.20"]
[Round "1.4"]
[White "Balzar, Andreas Dr"]
[Black "Lorscheid, Gerhard"]
[Result "1/2-1/2"]
[WhiteElo "2381"]
[BlackElo "2307"]
[PlyCount "26"]
[EventDate "2002.??.??"]

1. e4 g6 2. h4 d5 3. exd5 Qxd5 4. Nc3 Qe6+ 5. Be2 Nf6 6. d4 c6 7. Be3 Bg7 8.
Qd2 Nbd7 9. Nh3 Nb6 10. Ng5 Qf5 11. f3 Qa5 12. Nge4 Nfd5 13. Bf2 Nxc3 {(=)}
1/2-1/2

[Event "2.BLS 0203 SC Eppingen - SK Bebenhausen"]
[Site "?"]
[Date "2002.10.20"]
[Round "1.5"]
[White "Kabisch, Thilo"]
[Black "Miltner, Arndt"]
[Result "0-1"]
[WhiteElo "2310"]
[BlackElo "2384"]
[PlyCount "80"]
[EventDate "2002.??.??"]

1. e4 d6 2. d4 Nf6 3. Nc3 e5 4. Nf3 Nbd7 5. Bc4 Be7 6. O-O O-O 7. Re1 c6 8. a4
a5 9. b3 exd4 10. Qxd4 Ng4 11. Ba3 Bf6 12. Qd2 Nde5 13. Rad1 Qb6 14. Bxd6 Rd8
15. Re2 Be7 16. Nxe5 Nxe5 17. Bc5 Qc7 18. Bxe7 Rxd2 19. Rexd2 Nd7 20. Rd6 h6
21. e5 Nxe5 22. Bd8 Qb8 23. Bb6 Nxc4 24. bxc4 Ra6 25. c5 Kh7 26. R1d4 Bf5 27.
f4 Qe8 28. Kf2 Ra8 29. Ne2 Qe7 30. g3 Re8 31. Rd2 Bg4 32. Ng1 Qe3+ 33. Kg2 Bf5
34. Nf3 Be4 35. Rf2 Bd5 36. h4 Qe4 37. Rd7 Qxa4 38. Rxb7 Re3 39. Rd7 Rxf3 40.
Rxf3 Qxc2+ 0-1

[Event "2.BLS 0203 SC Eppingen - SK Bebenhausen"]
[Site "?"]
[Date "2002.10.20"]
[Round "1.6"]
[White "Schulze, Ulrich"]
[Black "Maeurer, Christoph Dr"]
[Result "0-1"]
[WhiteElo "2353"]
[BlackElo "2330"]
[PlyCount "58"]
[EventDate "2002.??.??"]

1. Nf3 Nf6 2. c4 g6 3. g3 Bg7 4. Bg2 O-O 5. d4 d6 6. O-O Nbd7 7. Nc3 e5 8. e4
exd4 9. Nxd4 Re8 10. Re1 a6 11. h3 Rb8 12. Be3 Ne5 13. b3 c5 14. Nc2 b5 15. f4
Ned7 16. Qxd6 Qa5 17. b4 cxb4 18. Qxb4 Qc7 19. cxb5 a5 20. b6 Nxb6 21. Qxa5
Nfd7 22. e5 Bb7 23. Rab1 Bxg2 24. Kxg2 Qc6+ 25. Kh2 Rf8 26. Rb3 Ra8 27. Bxb6
Rxa5 28. Bxa5 Qc5 29. Ne4 Qxc2+ 0-1

[Event "2.BLS 0203 SC Eppingen - SK Bebenhausen"]
[Site "?"]
[Date "2002.10.20"]
[Round "1.7"]
[White "Latzke, Boris Alexander"]
[Black "Koch, Wolfgang Max Dr"]
[Result "1-0"]
[WhiteElo "2254"]
[BlackElo "2308"]
[PlyCount "95"]
[EventDate "2002.??.??"]

1. d4 d6 2. e4 Nf6 3. f3 Nbd7 4. c4 e5 5. d5 Be7 6. Nc3 Nh5 7. Be3 Bg5 8. Qd2
Bxe3 9. Qxe3 O-O 10. O-O-O a5 11. Bd3 Nc5 12. Bc2 a4 13. Nge2 a3 14. b3 Bd7 15.
g4 Nf6 16. Ng3 Qb8 17. Nf5 Ne8 18. f4 Qa7 19. Rde1 Na6 20. Qg3 exf4 21. Qxf4
Nb4 22. e5 Nxc2 23. Kxc2 dxe5 24. Rxe5 Kh8 25. Rhe1 Qc5 26. Qe3 Qxe3 27. Nxe3
Nf6 28. h3 Rfe8 29. Nf5 Rxe5 30. Rxe5 Kg8 31. Ne4 Nxe4 32. Rxe4 Kf8 33. Ne3 b6
34. Kc3 h5 35. g5 Bxh3 36. Rh4 Bd7 37. Rxh5 Kg8 {(=)} 38. Kd4 Re8 39. Rh4 c5+
40. dxc6 Bxc6 41. Nd5 Bxd5 42. cxd5 Re2 43. d6 Rd2+ 44. Ke5 Rxa2 45. d7 f6+ 46.
gxf6 gxf6+ 47. Kd5 Rd2+ 48. Rd4 1-0

[Event "2.BLS 0203 SC Eppingen - SK Bebenhausen"]
[Site "?"]
[Date "2002.10.20"]
[Round "1.8"]
[White "Rau, Hannes"]
[Black "Blank, Oliver"]
[Result "1-0"]
[WhiteElo "2325"]
[BlackElo "2165"]
[PlyCount "69"]
[EventDate "2002.??.??"]

1. d4 d5 2. c4 c6 3. Nf3 Nf6 4. Nc3 dxc4 5. a4 Bf5 6. Ne5 Nbd7 7. Nxc4 Qc7 8.
g3 e5 9. dxe5 Nxe5 10. Bf4 Rd8 11. Qb3 Be6 12. Bxe5 Qxe5 13. Qxb7 Qc5 14. Ne3
Bd6 15. Bg2 Bd7 16. Qb3 Rb8 17. Qc2 O-O 18. O-O Rfe8 19. Rad1 Be5 20. Rd2 Bd4
21. Ned1 Bf5 22. Qc1 Ne4 23. Rc2 Nxc3 24. bxc3 Bxc2 25. cxd4 Qc4 26. Ne3 Rxe3
27. Qxe3 Bxa4 28. Rc1 Qe6 29. Qa3 Bb5 30. Qxa7 Qe8 31. e3 Ra8 32. Qc5 Ra6 33.
d5 Qe5 34. Qxb5 Ra1 35. Qxc6 1-0

[Event "2.BLS 0203 Karlsruher SF - SK Viernheim"]
[Site "?"]
[Date "2002.10.20"]
[Round "1.1"]
[White "Beikert, Guenther Dr"]
[Black "Bagaturov, Giorgi"]
[Result "1/2-1/2"]
[WhiteElo "2444"]
[BlackElo "2429"]
[PlyCount "89"]
[EventDate "2002.??.??"]

1. e4 c5 2. Nf3 e6 3. c4 Nc6 4. Nc3 Nf6 5. Be2 e5 6. d3 Be7 7. a3 O-O 8. Rb1 a6
9. Bd2 d6 10. b4 b6 11. O-O Bg4 12. Ne1 Bxe2 13. Qxe2 b5 14. Nc2 Nd4 15. Nxd4
cxd4 16. Nd5 Nxd5 17. cxd5 Rc8 18. Rfc1 Qd7 19. Qd1 h6 20. Rb2 Rxc1 21. Qxc1
Rc8 22. Rc2 Rxc2 23. Qxc2 Kf8 {(=)} 24. f4 f6 25. f5 Bd8 26. Kf2 Qc7 27. Qd1
Qd7 28. g4 Kf7 29. h4 Kg8 30. Kg3 Kf8 31. g5 fxg5 32. hxg5 hxg5 33. Qh1 Qc8 34.
Qh8+ Kf7 35. Qh5+ Kf8 36. Bxg5 Bxg5 37. Qxg5 Qc2 38. Qd8+ Kf7 39. Qd7+ Kg8 40.
Qe8+ Kh7 41. Qg6+ Kh8 42. f6 Qxd3+ 43. Kh4 gxf6 44. Qxf6+ Kh7 45. Qf7+ {(=)}
1/2-1/2

[Event "2.BLS 0203 Karlsruher SF - SK Viernheim"]
[Site "?"]
[Date "2002.10.20"]
[Round "1.2"]
[White "Delemarre, Jop"]
[Black "Vidonyak, Roman"]
[Result "1/2-1/2"]
[WhiteElo "2418"]
[BlackElo "2452"]
[PlyCount "28"]
[EventDate "2002.??.??"]

1. d4 Nf6 2. c4 e6 3. Nf3 b6 4. a3 Bb7 5. Nc3 d5 6. Bg5 Be7 7. Qa4+ Qd7 8.
Qxd7+ Nbxd7 9. Nb5 Kd8 10. cxd5 Nxd5 11. Rc1 f6 12. Bd2 c6 13. Nc3 c5 14. e3
Nxc3 1/2-1/2

[Event "2.BLS 0203 Karlsruher SF - SK Viernheim"]
[Site "?"]
[Date "2002.10.20"]
[Round "1.3"]
[White "Mandel, Andreas"]
[Black "Arnold, Lothar"]
[Result "1-0"]
[WhiteElo "2367"]
[BlackElo "2360"]
[PlyCount "139"]
[EventDate "2002.??.??"]

1. d4 d5 2. c4 dxc4 3. Nf3 c5 4. e3 e6 5. Bxc4 Nf6 6. Qe2 a6 7. dxc5 Bxc5 8.
O-O Nc6 9. e4 b5 10. Bb3 e5 11. Be3 Qb6 12. Bxc5 Qxc5 13. Nbd2 O-O 14. Rac1 Qb6
15. Qe3 Qxe3 16. fxe3 Bb7 17. Bd5 Rac8 18. Nb3 Nxd5 19. exd5 Nb4 20. e4 Nxa2
21. Rxc8 Bxc8 22. Nxe5 Nb4 23. Nc5 f6 24. Ned3 Nxd3 25. Nxd3 Re8 26. Nc5 Kf7
27. d6 Rd8 28. Rd1 Bg4 29. Rd2 a5 30. h3 Bd7 31. Kf2 Bc6 32. Ke3 b4 33. b3 Ra8
34. Kd4 Rd8 35. Kc4 Ra8 36. g3 h6 37. Rf2 Ke8 38. e5 fxe5 39. Rf5 Rd8 40. Rxe5+
Kf7 41. Re7+ Kf6 42. Re6+ Kf7 43. Re7+ Kf6 44. Re6+ Kf7 45. h4 Re8 46. Rxe8
Kxe8 47. Nd3 Bf3 48. Ne5 Bd1 49. Kb5 Bxb3 50. Kxa5 Bd5 51. Kxb4 Kd8 52. Kc5 Bb7
53. Kd4 Ke8 54. Nd3 Bg2 55. Ke5 Bh3 56. Nc5 Kf7 57. Nb3 Be6 58. Nd4 Bd7 59. Nb3
Be6 60. Nc5 Bh3 61. Nb7 Bc8 62. Nd8+ Ke8 63. Ne6 Kf7 64. Nf4 Bd7 65. Nd3 Bc8
66. Kd5 Ke8 67. Kc6 Kd8 68. Ne5 Be6 69. g4 g5 70. h5 1-0

[Event "2.BLS 0203 Karlsruher SF - SK Viernheim"]
[Site "?"]
[Date "2002.10.20"]
[Round "1.4"]
[White "Werner, Clemens"]
[Black "Wegerle, Joerg"]
[Result "1/2-1/2"]
[WhiteElo "2351"]
[BlackElo "2365"]
[PlyCount "31"]
[EventDate "2002.??.??"]

1. e4 e6 2. d4 d5 3. Nc3 Bb4 4. Bd3 c5 5. exd5 Qxd5 6. Bd2 Bxc3 7. Bxc3 cxd4 8.
Bxd4 e5 9. Bc3 Nc6 10. Nf3 Nf6 11. O-O O-O 12. Re1 Bg4 13. Be2 Qc5 14. Nd2 Bxe2
15. Qxe2 Rfe8 16. Qc4 {(=)} 1/2-1/2

[Event "2.BLS 0203 Karlsruher SF - SK Viernheim"]
[Site "?"]
[Date "2002.10.20"]
[Round "1.5"]
[White "Kratochwil, Christian"]
[Black "Gerstner, Wolfgang"]
[Result "1/2-1/2"]
[WhiteElo "2319"]
[BlackElo "2374"]
[PlyCount "41"]
[EventDate "2002.??.??"]

1. c4 e6 2. Nc3 d5 3. d4 Be7 4. cxd5 exd5 5. Bf4 c6 6. Qc2 Bf6 7. e3 Ne7 8. Bd3
g6 9. Nf3 Bf5 10. O-O Bxd3 11. Qxd3 O-O 12. b4 Nd7 13. Na4 a5 14. b5 c5 15.
dxc5 Bxa1 16. Rxa1 Rc8 17. Rc1 Nb6 18. Nb2 Nc4 19. Na4 Nb6 20. Nb2 Nc4 21. Na4
1/2-1/2

[Event "2.BLS 0203 Karlsruher SF - SK Viernheim"]
[Site "?"]
[Date "2002.10.20"]
[Round "1.6"]
[White "Duschek, Volker"]
[Black "Crut, Aurelien"]
[Result "0-1"]
[WhiteElo "2321"]
[BlackElo "2333"]
[PlyCount "82"]
[EventDate "2002.??.??"]

1. e4 e6 2. d4 d5 3. exd5 exd5 4. Nf3 Nf6 5. Bd3 c5 6. O-O c4 7. Re1+ Be7 8.
Bf1 O-O 9. b3 cxb3 10. axb3 Nc6 11. c3 Bg4 12. Nbd2 Rc8 13. Ba3 Bxa3 14. Rxa3
Qd6 15. Qa1 Rfe8 16. Rxe8+ Rxe8 17. Bb5 Bxf3 18. Nxf3 a6 19. Bd3 Ne4 20. Ra2
Qf4 21. Re2 Re6 22. Qe1 f5 23. Nd2 Rg6 24. Re3 Qg5 25. g3 Rh6 26. f3 f4 27.
Nxe4 Qh5 28. Re2 dxe4 29. Bxe4 fxg3 30. Qxg3 Rf6 31. Qg4 Qb5 32. c4 Qb6 33.
Bd5+ Kf8 34. Qc8+ Nd8 35. c5 Qa5 36. Kf2 Rh6 37. Qd7 Rxh2+ 38. Ke3 Qc3+ 39. Kf4
Qxd4+ 40. Re4 Qd2+ 41. Ke5 Rh5+ 0-1

[Event "2.BLS 0203 Karlsruher SF - SK Viernheim"]
[Site "?"]
[Date "2002.10.20"]
[Round "1.7"]
[White "Spiegel, Stefan Dr"]
[Black "Karst, Elmar"]
[Result "1/2-1/2"]
[WhiteElo "2288"]
[BlackElo "2280"]
[PlyCount "36"]
[EventDate "2002.??.??"]

1. e4 d6 2. d4 Nf6 3. Nc3 g6 4. Nge2 Bg7 5. g3 O-O 6. Bg2 e5 7. h3 Nc6 8. Be3
exd4 9. Nxd4 Bd7 10. O-O Qe7 11. Re1 Rfe8 12. f4 Qf8 13. Bf2 Nxd4 14. Bxd4 Bc6
15. Qd3 Rad8 16. Qc4 a6 17. Rad1 Nd7 18. Bf2 Rc8 {(=)} 1/2-1/2

[Event "2.BLS 0203 Karlsruher SF - SK Viernheim"]
[Site "?"]
[Date "2002.10.20"]
[Round "1.8"]
[White "Bach, Edwin"]
[Black "Tresch, Ralf"]
[Result "1-0"]
[WhiteElo "2302"]
[BlackElo "2287"]
[PlyCount "49"]
[EventDate "2002.??.??"]

1. e4 e6 2. d4 d5 3. Nd2 c5 4. exd5 Qxd5 5. Ngf3 cxd4 6. Bc4 Qd8 7. O-O Nc6 8.
Nb3 Nf6 9. Qe2 Be7 10. Rd1 a6 11. Nbxd4 Nxd4 12. Rxd4 Qa5 13. Bg5 b5 14. Bb3 h6
15. Bh4 O-O 16. Rad1 Qb6 17. Ne5 Ra7 18. c3 Nd5 19. Bxe7 Nxe7 20. Bc2 Nf5 21.
R4d2 g6 22. a3 h5 23. Bxf5 exf5 24. Rd6 Qc7 25. Nxg6 1-0

[Event "2.BLS 0203 SG Kirchheim - SK Krumbach"]
[Site "?"]
[Date "2002.10.20"]
[Round "1.1"]
[White "Lechtinsky, Jiri"]
[Black "Gschnitzer, Oswald Dr"]
[Result "1/2-1/2"]
[WhiteElo "2399"]
[BlackElo "2428"]
[PlyCount "71"]
[EventDate "2002.??.??"]

1. Nf3 c5 2. c4 Nc6 3. Nc3 e5 4. e3 Nf6 5. d4 cxd4 6. exd4 e4 7. Nd2 Bb4 8. Be2
O-O 9. O-O Re8 10. Nb3 d5 11. Bg5 dxc4 12. Bxc4 Be7 13. Re1 Bf5 14. Qd2 a6 15.
Qf4 Bg6 16. Bxf6 Bxf6 17. Nxe4 Bxd4 18. Nd6 Rxe1+ 19. Rxe1 Qf6 20. Qxf6 Bxf6
21. Nxb7 Bxb2 22. N7c5 Nb4 23. Nxa6 Nxa6 24. Bxa6 h6 25. Re2 Ba3 26. Bb5 Rb8
27. Bc6 Bb1 28. h4 Bxa2 29. Rxa2 Rxb3 30. g3 g6 {=} 31. Rd2 Bc5 32. Kg2 Rb6 33.
Bf3 h5 34. Re2 Bd4 35. Rc2 Rd6 36. Bc6 1/2-1/2

[Event "2.BLS 0203 SG Kirchheim - SK Krumbach"]
[Site "?"]
[Date "2002.10.20"]
[Round "1.2"]
[White "Tompa, Janos"]
[Black "Egger, Thomas"]
[Result "1/2-1/2"]
[WhiteElo "2409"]
[BlackElo "2307"]
[PlyCount "78"]
[EventDate "2002.??.??"]

1. e4 e6 2. d4 d5 3. Nc3 Bb4 4. Nge2 dxe4 5. a3 Be7 6. Nxe4 Nf6 7. Qd3 Nbd7 8.
Bf4 Nxe4 9. Qxe4 Nf6 10. Qf3 c5 11. O-O-O Qd5 12. Qxd5 Nxd5 13. Bd2 Bd7 14. Nc3
Nxc3 15. Bxc3 Bf6 16. b4 cxb4 17. Bxb4 Bc6 18. f3 O-O-O 19. c3 e5 20. Bc4 exd4
21. cxd4 Bd5 22. Bxd5 Rxd5 23. Rhe1 Kd7 24. Kc2 Rc8+ 25. Kb3 a5 26. Bc3 a4+ 27.
Kb2 Rb5+ 28. Bb4 Rc4 29. Re4 Rd5 30. Bc3 Rb5+ 31. Bb4 Rg5 32. Rd2 Kc6 33. Be7
Rb5+ 34. Ka2 Rc1 35. Bxf6 gxf6 36. Rf4 Rbb1 37. d5+ Kc5 38. Rxa4 Ra1+ 39. Kb3
Rab1+ 1/2-1/2

[Event "2.BLS 0203 SG Kirchheim - SK Krumbach"]
[Site "?"]
[Date "2002.10.20"]
[Round "1.3"]
[White "Kempter, Ronald"]
[Black "Vonthron, Horst"]
[Result "1/2-1/2"]
[WhiteElo "2290"]
[BlackElo "2351"]
[PlyCount "86"]
[EventDate "2002.??.??"]

1. Nf3 d5 2. g3 Nf6 3. Bg2 c6 4. O-O Bf5 5. d4 e6 6. c4 Nbd7 7. Qb3 Qb6 8. c5
Qa6 9. Bf4 b6 10. cxb6 axb6 11. Nc3 Be7 12. Ne5 Nxe5 13. dxe5 Nd7 14. e4 Nc5
15. Qc2 Bg6 16. b4 d4 17. bxc5 dxc3 18. cxb6 Qxb6 19. Qxc3 O-O 20. Be3 Qb5 21.
Rfc1 Rfc8 22. Bc5 Bxc5 23. Qxc5 Qe2 24. Qc4 Qb2 25. Qc3 Rxa2 26. Qxb2 Rxb2 27.
Rxc6 Rcb8 28. Rac1 h6 29. Rc8+ Rxc8 30. Rxc8+ Kh7 31. Rc1 Bh5 32. f3 g5 33. Rf1
Kg7 34. Rf2 Rb5 35. f4 Rb1+ 36. Rf1 Rxf1+ 37. Kxf1 gxf4 38. gxf4 f6 39. exf6+
Kxf6 40. Kf2 e5 41. Bf3 Bg6 42. Ke3 exf4+ 43. Kxf4 Bxe4 1/2-1/2

[Event "2.BLS 0203 SG Kirchheim - SK Krumbach"]
[Site "?"]
[Date "2002.10.20"]
[Round "1.4"]
[White "Beckhuis, Gernod"]
[Black "Riefner, Edwin"]
[Result "1/2-1/2"]
[WhiteElo "2283"]
[BlackElo "2226"]
[PlyCount "55"]
[EventDate "2002.??.??"]

1. Nf3 Nf6 2. c4 g6 3. Nc3 d5 4. d4 Bg7 5. cxd5 Nxd5 6. e4 Nxc3 7. bxc3 c5 8.
Rb1 O-O 9. Be2 Nc6 10. d5 Ne5 11. Nxe5 Bxe5 12. Qd2 e6 13. f4 Bh8 14. dxe6
Qxd2+ 15. Bxd2 Bxe6 16. Rxb7 Rfb8 17. Rxb8+ Rxb8 18. Kf2 Rb2 19. Ke3 Bxa2 20.
Ra1 a5 21. e5 c4 22. Bf3 g5 23. g3 Bg7 24. Bc1 gxf4+ 25. gxf4 Rxh2 26. Bd2 Bb3
27. Rxa5 Bh6 28. Ra8+ 1/2-1/2

[Event "2.BLS 0203 SG Kirchheim - SK Krumbach"]
[Site "?"]
[Date "2002.10.20"]
[Round "1.5"]
[White "Wild, Rudolf"]
[Black "Wippermann, Till"]
[Result "0-1"]
[WhiteElo "2268"]
[BlackElo "2354"]
[PlyCount "152"]
[EventDate "2002.??.??"]

1. Nf3 c5 2. c4 Nc6 3. Nc3 g6 4. g3 Bg7 5. Bg2 d6 6. O-O e5 7. d3 Nge7 8. Rb1
O-O 9. a3 a5 10. Bd2 h6 11. Ne1 Be6 12. Nd5 Rb8 13. Nc2 b5 14. b4 axb4 15. axb4
cxb4 16. Ncxb4 Nxb4 17. Bxb4 Nxd5 18. Bxd5 Qd7 19. Qb3 Rfc8 20. Rfc1 bxc4 21.
Rxc4 Bxd5 22. Rxc8+ Qxc8 23. Qxd5 Qc2 24. Rb3 Qxe2 25. Qxd6 Rc8 26. Rb1 Bf8 27.
Qb6 Bxb4 28. Qxb4 Qxd3 29. Re1 Re8 30. Qa4 Re6 31. Qd1 Qxd1 32. Rxd1 g5 33. Kg2
Kg7 34. Ra1 Kg6 35. Ra4 Rd6 36. h4 Rd4 37. Ra6+ f6 38. hxg5 Kxg5 39. Ra8 h5 40.
Rg8+ Kf5 41. Rh8 Kg5 42. Rg8+ Kf5 43. Rh8 Kg6 44. Kf3 Ra4 45. Kg2 e4 46. Rg8+
Kf5 47. Rh8 Kg6 48. Rg8+ Kf7 49. Rh8 Ra5 50. Kf1 Kg6 51. Kg2 Ra2 52. Kf1 Kg5
53. Re8 Kf5 54. Kg2 Rb2 55. Re7 Rb4 56. Rh7 Kg6 57. Rh8 Rb2 58. Re8 f5 59. Kf1
h4 60. gxh4 Kh5 61. Re5 Kg4 62. h5 Rb6 63. Kg2 Rh6 64. Re8 Rxh5 65. Re7 Rg5 66.
Re8 Kf4+ 67. Kf1 Kf3 68. Ra8 f4 69. Rh8 Ra5 70. Rh3+ Kg4 71. Rb3 f3 72. Kg1 Kh3
73. Rb1 e3 74. fxe3 Kg3 75. e4 Ra2 76. e5 Rg2+ 0-1